Charter for housing association applicants and residents (Record no. 73372)
[ view plain ]
| 000 -LEADER | |
|---|---|
| fixed length control field | 01100cam a2200205 4500 |
| 001 - CONTROL NUMBER | |
| control field | WB3934-15 |
| 008 - FIXED-LENGTH DATA ELEMENTS--GENERAL INFORMATION | |
| fixed length control field | 030909n2003 000 0 eng u |
| 035 ## - SYSTEM CONTROL NUMBER | |
| System control number | (Sirsi) u123527 |
| 245 ## - TITLE STATEMENT | |
| Title | Charter for housing association applicants and residents |
| 260 ## - PUBLICATION, DISTRIBUTION, ETC. | |
| Date of publication, distribution, etc. | 2003 |
| 490 ## - SERIES STATEMENT | |
| Series statement | Inside Housing |
| Volume/sequential designation | 5 September 2003, 2(1) |
| 520 ## - SUMMARY, ETC. | |
| Summary, etc. | Charter issued by the Housing Corporation sets out minimum standards of service that housing associations must provide. It sets out the basic level of service tenants can expect from landlords on matters including equality, applications for housing and rents. The charter replaces eight separate residents' charters issued in 1998 and 1999. For the Charter for housing association applicants and residents: http://www.housingcorplibrary.org.uk/housingcorp.nsf/AllDocuments/3D4B759D505129F780256D94003B5C1E |
| 590 ## - LOCAL NOTE (RLIN) | |
| Local note | WB |
| 650 ## - SUBJECT ADDED ENTRY--TOPICAL TERM | |
| Topical term or geographic name entry element | HOUSING CORPORATION |
| 650 ## - SUBJECT ADDED ENTRY--TOPICAL TERM | |
| Topical term or geographic name entry element | HOUSING ASSOCIATIONS |
| 650 ## - SUBJECT ADDED ENTRY--TOPICAL TERM | |
| Topical term or geographic name entry element | RESIDENTS CHARTER |
| 650 ## - SUBJECT ADDED ENTRY--TOPICAL TERM | |
| Topical term or geographic name entry element | RENTS |
| 690 ## - LOCAL SUBJECT ADDED ENTRY--TOPICAL TERM (OCLC, RLIN) | |
| Topical term or geographic name as entry element | PROPERTY-RESIDENTIAL PROPERTY-RESIDENTIAL LANDLORD AND TENANT-RESIDENTIAL TENANCIES |
| 942 ## - ADDED ENTRY ELEMENTS (KOHA) | |
| Suppress in OPAC | 0 |
| Withdrawn status | Lost status | Source of classification or shelving scheme | Damaged status | Not for loan | Home library | Current library | Shelving location | Date acquired | Total Checkouts | Full call number | Barcode | Date last seen | Copy number | Price effective from | Koha item type |
|---|---|---|---|---|---|---|---|---|---|---|---|---|---|---|---|
| Dewey Decimal Classification | London | London | News article | 09/09/2003 | WB3934-15 | 123527-1001 | 06/08/2019 | 1 | 06/08/2019 | News article |